| 000 | 00713nam a22002057a 4500 | ||
|---|---|---|---|
| 003 | 0 | ||
| 005 | 20250107094018.0 | ||
| 008 | 250107b xxu||||| |||| 00| 0 eng d | ||
| 020 | _a978-1-032-21385-9 | ||
| 050 |
_aH62 _b.Ad38 2024 |
||
| 100 | _aAdu, Philip | ||
| 245 |
_aDissertation research methods _ba step by step guide to writing up your research in the social sciences _cPhilip Adu and D. Anthony Miles |
||
| 260 |
_aNew York _bRoutledge _c2024 |
||
| 300 |
_axvi, 451 pages ; _c24cm. |
||
| 504 | _aIncludes bibliographical references and index. | ||
| 650 | _aSocial sciences--Research. | ||
| 650 | _aSocila sciences--study and teaching. | ||
| 650 | _aDissertations, Academic. | ||
| 942 |
_2lcc _cBK |
||
| 999 |
_c366889 _d366889 |
||